<?xml version="1.0" encoding="UTF-8"?>
<marc:record xmlns:marc="http://www.loc.gov/MARC21/slim">
   <marc:leader>00000nam a2200000 a 4500</marc:leader>
   <marc:datafield ind1="1" ind2=" " tag="100">
      <marc:subfield code="a">Redfield, James</marc:subfield>
      <marc:subfield code="4">aut</marc:subfield>
      <marc:subfield code="e">Verfasser/-in</marc:subfield>
   </marc:datafield>
   <marc:datafield ind1=" " ind2=" " tag="653">
      <marc:subfield code="a">Vermächtnis von Celestine</marc:subfield>
   </marc:datafield>
   <marc:datafield ind1="0" ind2="0" tag="245">
      <marc:subfield code="a">Die zwölfte Prophezeiung von Celestine</marc:subfield>
   </marc:datafield>
   <marc:datafield ind1="0" ind2="0" tag="245">
      <marc:subfield code="c">James Redfield</marc:subfield>
   </marc:datafield>
   <marc:datafield ind1=" " ind2="1" tag="264">
      <marc:subfield code="b">Allegria</marc:subfield>
      <marc:subfield code="c">2011</marc:subfield>
   </marc:datafield>
   <marc:datafield ind1="1" ind2=" " tag="520">
      <marc:subfield code="a">Das Vermächtnis von Celestine birgt eilne neue Einsicht, mit der die Welt verändert werden kann. Die Suche nach der Zwölften Prophezeiung entwickelt sich zum Kampf für eine freie, selbstbestimmte Spiritualität, die der Menschheit das Überleben sichern soll. Wer die Zwölfte Prophezeiung erfüllt, kann die Menschheit vernichten oder in eine neue Zukunft führen. Am Berg Sinai beginnt ein tödlicher Kampf zwischen den Fundamentalisten der alten Weltreligionen und einem kleinen Kreis von Menschen, die die wahre Botschaft von Celestine verstanden haben..</marc:subfield>
   </marc:datafield>
   <marc:datafield ind1=" " ind2=" " tag="020">
      <marc:subfield code="a">9783793422051</marc:subfield>
      <marc:subfield code="9">9783793422051</marc:subfield>
   </marc:datafield>
   <marc:datafield ind1=" " ind2=" " tag="020">
      <marc:subfield code="a">3793422054</marc:subfield>
      <marc:subfield code="9">3793422054</marc:subfield>
   </marc:datafield>
   <marc:datafield ind1=" " ind2=" " tag="300">
      <marc:subfield code="a">S. 285</marc:subfield>
   </marc:datafield>
</marc:record>
